Germany State Flag Quiz - Statistics

General Stats
  • This quiz has been taken 56 times
    51 since last reset
  • The average score is 11 of 16
Answer Stats
Picture Answer % Correct
Bavaria
92%
Berlin
92%
Bremen
75%
Hamburg
75%
Saxony
75%
Lower Saxony
71%
Baden-Württemberg
67%
Hesse
67%
North Rhine-Westphalia
67%
Thuringia
67%
Brandenburg
63%
Mecklenburg-Vorpommern
63%
Saarland
63%
Saxony-Anhalt
58%
Schleswig-Holstein
58%
Rhineland-Palatinate
54%
No matching quizzes found
Score Distribution
Percent of People with Each Score
Percentile by Number Answered
Your Score History
You have not taken this quiz since the last reset